Mentari Muncul Lagi
| Main Author: | |
|---|---|
| Format: | Book |
| Published: |
Seberang Perai Tengah :
Rhythm Publication Co. Sdn. Bhd ,
1999
|
| Subjects: |
MARC
| LEADER | 00000cam a2200000 7i4500 | ||
|---|---|---|---|
| 001 | 0000061439 | ||
| 005 | 20080915.0 | ||
| 008 | 080915 | ||
| 020 | |a 9831375114 | ||
| 090 | 0 | 0 | |a BF HAL |
| 100 | 1 | |a Halisa Sayangku | |
| 245 | 1 | 1 | |a Mentari Muncul Lagi |c Halisa Sayangku |
| 260 | |a Seberang Perai Tengah : |b Rhythm Publication Co. Sdn. Bhd , |c 1999 | ||
| 300 | |a 293p. ; |c 18cm. | ||
| 650 | 0 | 0 | |a Young Adult Fiction,Malay |
| 999 | |a 146357 |b Buku |c Rak Terbuka |e Perbadanan Perpustakaan Awam Melaka | ||